[Event "Saint Louis Invitational-B 2019"]
[Site "Saint Louis"]
[Date "2019.11.22"]
[Round "2.4"]
[White "Krykun, Yuriy"]
[Black "Stearman, Josiah"]
[Result "0-1"]
[WhiteElo "2382"]
[BlackElo "2341"]
[Annotator "ChessBase"]
[PlyCount "84"]
[EventDate "2019.11.21"]
[EventType "tourn"]
[EventCountry "USA"]
[SourceTitle "playchess.com"]
[Source "ChessBase"]
[SourceQuality "1"]
[TimeControl "5400+30"]

1. Nf3 {[%emt 0:00:00]} d5 {[%emt 0:00:00]} 2. e3 {[%emt 0:00:00]} Nf6 {[%emt 0:00:00]} 3. c4 {[%emt 0:00:00]} c6 {[%emt 0:00:27]} 4. Nc3 {[%emt 0:00:00]} Bf5 {[%emt 0:01:49]} 5. cxd5 {[%emt 0:00:25]} Nxd5 {[%emt 0:03:41]} 6. d4 {[%emt 0:01:31]} e6 {[%emt 0:04:14]} 7. Bd3 {[%emt 0:02:27]} Qa5 {[%emt 0:12:37]} 8. Bxf5 {[%emt 0:02:09]} Nxc3 {[%emt 0:00:57]} 9. bxc3 {[%emt 0:00:05]} Qxf5 {[%emt 0:00:09]} 10. O-O {[%emt 0:01:37]} Nd7 {[%emt 0:05:24]} 11. c4 {[%emt 0:04:15]} Be7 {[%emt 0:08:26]} 12. Qb3 {[%emt 0:06:25]} b5 {[%emt 0:01:37]} 13. a4 {[%emt 0:10:09]} b4 {[%emt 0:04:04]} 14. a5 {[%emt 0:00:10]} O-O {[%emt 0:00:12]} 15. c5 {[%emt 0:00:51]} Rab8 {[%emt 0:00:57]} 16. Bd2 {[%emt 0:08:41]} Rb5 {[%emt 0:01:05]} 17. Qb1 {[%emt 0:06:27]} Qxb1 {[%emt 0:09:32]} 18. Rfxb1 {[%emt 0:00:03]} Rfb8 {[%emt 0:00:12]} 19. Rb3 {[%emt 0:06:12]} e5 {[%emt 0:12:43]} 20. Kf1 {[%emt 0:23:21]} e4 {[%emt 0:07:29]} 21. Ng1 {[%emt 0:00:55]} f5 {[%emt 0:02:43]} 22. Ne2 {[%emt 0:03:58]} Nf6 {[%emt 0:00:33]} 23. Ng3 {[%emt 0:04:09]} g6 {[%emt 0:00:20]} 24. Ra4 {[%emt 0:00:06]} Nd5 {[%emt 0:03:05]} 25. f3 {[%emt 0:00:12]} Nc3 {[%emt 0:04:09]} 26. Ra1 {[%emt 0:00:48]} exf3 {[%emt 0:01:43]} 27. gxf3 {[%emt 0:00:18]} f4 {[%emt 0:01:07]} 28. exf4 {[%emt 0:02:07]} Bf6 {[%emt 0:00:43]} 29. Be3 {[%emt 0:03:12]} Nd5 {[%emt 0:01:17]} 30. Bf2 {[%emt 0:04:33]} Rxc5 {[%emt 0:00:34]} 31. Ne4 {[%emt 0:00:42]} Rc2 {[%emt 0:00:17]} 32. Nxf6+ {[%emt 0:01:45]} Nxf6 {[%emt 0:00:07]} 33. d5 {[%emt 0:00:04]} c5 {[%emt 0:01:00]} 34. d6 {[%emt 0:00:28]} c4 {[%emt 0:00:35]} 35. Rbb1 {[%emt 0:01:03]} b3 {[%emt 0:00:12]} 36. Bxa7 {[%emt 0:00:18]} Rd8 {[%emt 0:01:32]} 37. Bb6 {[%emt 0:06:38]} Rxd6 {[%emt 0:00:09]} 38. a6 {[%emt 0:00:11]} Nd5 {[%emt 0:00:41]} 39. Bd4 {[%emt 0:01:40]} Nc7 {[%emt 0:00:28]} 40. Be5 {[%emt 0:01:27]} Rxa6 {[%emt 0:00:05]} 41. Rxa6 {[%emt 0:00:29]} Nxa6 {[%emt 0:00:06]} 42. Rd1 {[%emt 0:00:03]} b2 {[%emt 0:00:47]} 0-1

[Event "Saint Louis Invitational-B 2019"]
[Site "Saint Louis"]
[Date "2019.11.22"]
[Round "2.5"]
[White "Kiewra, Keaton"]
[Black "Torres Rosas, Luis Carlos"]
[Result "1-0"]
[WhiteElo "2372"]
[BlackElo "2360"]
[Annotator "ChessBase"]
[PlyCount "85"]
[EventDate "2019.11.21"]
[EventType "tourn"]
[EventCountry "USA"]
[SourceTitle "playchess.com"]
[Source "ChessBase"]
[SourceQuality "1"]
[TimeControl "5400+30"]

1. d4 {[%emt 0:00:00]} Nf6 {[%emt 0:00:00]} 2. c4 {[%emt 0:00:21]} e6 {[%emt 0:00:05]} 3. g3 {[%emt 0:01:00]} d5 {[%emt 0:00:10]} 4. Bg2 {[%emt 0:01:11]} Bb4+ {[%emt 0:00:24]} 5. Bd2 {[%emt 0:02:05]} Be7 {[%emt 0:00:25]} 6. Nf3 {[%emt 0:03:28]} O-O {[%emt 0:02:32]} 7. O-O {[%emt 0:00:16]} Ne4 {[%emt 0:01:38]} 8. Bf4 {[%emt 0:01:24]} Nd7 {[%emt 0:01:43]} 9. Nc3 {[%emt 0:12:16]} Nxc3 {[%emt 0:08:31]} 10. bxc3 {[%emt 0:00:07]} dxc4 {[%emt 0:00:04]} 11. Nd2 {[%emt 0:01:00]} Nb6 {[%emt 0:02:01]} 12. e4 {[%emt 0:00:30]} c5 {[%emt 0:08:50]} 13. Nf3 {[%emt 0:03:10]} cxd4 {[%emt 0:04:22]} 14. cxd4 {[%emt 0:00:21]} Bd7 {[%emt 0:02:10]} 15. a4 {[%emt 0:04:11]} a5 {[%emt 0:03:55]} 16. d5 {[%emt 0:00:07]} exd5 {[%emt 0:10:51]} 17. exd5 {[%emt 0:00:16]} Bg4 {[%emt 0:00:47]} 18. h3 {[%emt 0:07:06]} Bh5 {[%emt 0:02:28]} 19. g4 {[%emt 0:02:15]} Nxd5 {[%emt 0:01:21]} 20. Bg3 {[%emt 0:00:32]} Bg6 {[%emt 0:02:41]} 21. Ne5 {[%emt 0:00:06]} Nc3 {[%emt 0:05:37]} 22. Qf3 {[%emt 0:09:13]} Bb4 {[%emt 0:00:55]} 23. Qxb7 {[%emt 0:01:19]} Ne2+ {[%emt 0:02:47]} 24. Kh2 {[%emt 0:00:06]} Nxg3 {[%emt 0:02:15]} 25. fxg3 {[%emt 0:00:06]} Qd4 {[%emt 0:09:10]} 26. Nxg6 {[%emt 0:09:25]} hxg6 {[%emt 0:03:12]} 27. Rad1 {[%emt 0:00:07]} Bd2 28. Rf4 {[%emt 0:04:09]} Qd3 {[%emt 0:08:47]} 29. Rf3 {[%emt 0:01:47]} Qc2 {[%emt 0:02:30]} 30. Rdf1 {[%emt 0:00:43]} Rab8 {[%emt 0:02:58]} 31. Qc7 {[%emt 0:00:17]} Rbc8 {[%emt 0:01:32]} 32. Qb7 {[%emt 0:00:06]} Rb8 {[%emt 0:01:24]} 33. Qc7 {[%emt 0:00:41]} f6 {[%emt 0:00:56]} 34. R3f2 {[%emt 0:00:52]} Qd3 {[%emt 0:01:31]} 35. Qc6 {[%emt 0:01:04]} c3 {[%emt 0:04:12]} 36. Be4 {[%emt 0:01:09]} Qd4 {[%emt 0:00:33]} 37. Bxg6 {[%emt 0:01:43]} Rb6 {[%emt 0:00:12]} 38. Qf3 {[%emt 0:01:58]} Re6 {[%emt 0:01:08]} 39. Bc2 {[%emt 0:01:11]} Re5 {[%emt 0:00:09]} 40. h4 {[%emt 0:03:41]} Qe3 {[%emt 0:01:11]} 41. Qd1 {[%emt 0:03:12]} Be1 {[%emt 0:01:57]} 42. Rg2 {[%emt 0:00:04]} Qc5 {[%emt 0:02:32]} 43. Rxe1 1-0

[Event "Saint Louis Invitational-B 2019"]
[Site "Saint Louis"]
[Date "2019.11.22"]
[Round "3.1"]
[White "Torres Rosas, Luis Carlos"]
[Black "Proleiko, Julian"]
[Result "1/2-1/2"]
[WhiteElo "2360"]
[BlackElo "2170"]
[Annotator "TA"]
[PlyCount "31"]
[EventDate "2019.11.21"]
[EventType "tourn"]
[EventCountry "USA"]
[SourceTitle "playchess.com"]
[Source "ChessBase"]
[SourceQuality "1"]

{[%evp 11,31,5,9,-7,-7,-18,-10,-23,-9,-10,0,-13,14,-14,22,-12,-20,-15,-15,-25,0,-7]} 1. d4 d5 2. c4 c6 3. Nf3 Nf6 4. Nc3 a6 5. a4 e6 6. e3 Bb4 7. Bd2 {D15: Slav Defence: 4 Nc3 a6 and gambit lines after 4 Nc3 dxc4} (7. Bd3 c5 8. O-O dxc4 9. Bxc4 cxd4 10. exd4 O-O 11. Bg5 h6 12. Bh4 Be7 13. Qe2 Nc6 14. Rad1 Nd5 15. Bxe7 Ncxe7 {½-½ (65) Lindgren,P (2374)-Bellon Lopez,J (2337) Stockholm 2018}) 7... O-O 8. Qb3 a5 9. Be2 $146 ({Predecessor:} 9. Bd3 b6 10. O-O Ba6 11. Rfc1 Qd7 12. Bf1 dxc4 13. Bxc4 Qb7 14. Na2 Bd6 15. Bxe6 fxe6 16. Qxe6+ {½-½ (55) Segarra Choe,T (1481)-Rivera,Y (1329) Caguas 2006}) 9... b6 10. O-O Ba6 11. Rfd1 Nbd7 12. Rac1 Qe7 13. Be1 Rfc8 14. Qa2 Bd6 15. b3 Ne4 16. cxd5 {Accuracy: White = 21%, Black = 44%.} 1/2-1/2

[Event "Saint Louis Invitational-B 2019"]
[Site "Saint Louis"]
[Date "2019.11.22"]
[Round "3.2"]
[White "Stearman, Josiah"]
[Black "Kiewra, Keaton"]
[Result "0-1"]
[WhiteElo "2341"]
[BlackElo "2372"]
[Annotator "TA"]
[PlyCount "110"]
[EventDate "2019.11.21"]
[EventType "tourn"]
[EventCountry "USA"]
[SourceTitle "playchess.com"]
[Source "ChessBase"]
[SourceQuality "1"]

{[%evp 12,110,12,12,24,21,17,-23,0,-107,-90,-106,-103,-95,-79,-75,-58,-73,-83,-71,-73,-84,-68,-64,-87,-71,-59,-101,-93,-92,-93,-193,-193,-193,-193,-259,-243,-246,-216,-220,-186,-252,-114,-115,-120,-105,-100,-87,-22,-136,-123,-151,-144,-163,-52,-55,-47,-48,-29,-141,-141,-254,-227,-201,-121,-92,-95,-162,-170,-149,-166,-188,-57,-117,0,-193,-193,-1384,-423,-29975,-29975,-29973,-29974,-29971,-29971,-29979,-29980,-29980,-29981,-29981,-29982,-29982,-29983,-29983,-29984,-29984,-29984,-29984,-29985,-29985,-29986]} 1. e4 c5 2. Nc3 e6 3. Nf3 Nc6 4. Bb5 Nge7 5. d4 cxd4 6. Nxd4 Nxd4 7. Qxd4 a6 {B30: Sicilian: 2...Nc6 3 Bb5, lines without ...g6} 8. Be2 Nc6 9. Qa4 $146 ({Predecessor:} 9. Qd3 Qc7 10. Qg3 Qxg3 11. hxg3 Bc5 12. Bf4 b5 13. g4 {1-0 (57) Pessoa,F (2533)-Nizky,R (2430) ICCF email 2015}) 9... Rb8 {Black has an edge.} 10. e5 (10. Qc4 $1 $11) 10... Nxe5 11. Bf4 Qc7 12. O-O-O f6 13. Bg3 Be7 14. f4 b5 15. Qb3 Nc4 {White must now prevent ...Na5.} 16. f5 {[#]} Qxg3 $1 {[%mdl 512]} 17. hxg3 Na5 $1 18. Bh5+ Kf8 19. Bg6 Nxb3+ 20. axb3 b4 21. Ne2 (21. Na4 $17 {might work better.}) 21... e5 $19 22. Bxh7 Bc5 23. Bg6 (23. Kb1 $142) 23... Be3+ 24. Kb1 Rxh1 25. Rxh1 Bh6 26. g4 (26. Rd1 $142) 26... Bb7 (26... Ke7 $19 {is more deadly.} 27. Ng1 Bb7) 27. g5 $17 fxg5 28. Rh2 g4 {Hoping for ...Ke7.} 29. f6 gxf6 (29... Bd5 $17) 30. Bf5 (30. Rxh6 $11 Kg7 31. Rh4 Kxg6 32. Rxg4+ Kf7 33. Rxb4) 30... Bg7 31. Bxg4 Kf7 32. Bxd7 Rh8 ({Black should play} 32... Rd8 $19 33. Bf5 Rd1+ 34. Nc1 Rg1) 33. Rxh8 $15 Bxh8 {[%mdl 4096] Endgame KBB-KBN} 34. g4 $1 Kg6 35. Kc1 (35. c4 $11) 35... Kg5 $17 36. Kd2 (36. c4 $17 bxc3 37. bxc3) 36... Bf3 $1 $19 37. c4 bxc3+ 38. bxc3 Bg7 39. b4 (39. Bc8 $17) 39... Bxg4 40. Bxg4 Kxg4 {KB-KN} 41. c4 Bf8 (41... Bh6+ $1 $19 42. Kc2 Bf8) 42. c5 $15 {[#]} a5 ({Better is} 42... Kf5 $1 $17 43. Kc3 Ke6) 43. bxa5 $2 (43. c6 $11 Bxb4+ 44. Nc3) 43... Bxc5 $19 {...Bb4+ is the strong threat.} 44. a6 $2 (44. Kd3) 44... f5 (44... Kf3 $142 45. Kd3 Bb6) 45. Ke1 (45. Kd3 $19 e4+ 46. Kc4) 45... Kf3 {Black mates.} 46. Nc3 e4 47. Nb5 {[#]} f4 $1 48. Kf1 e3 49. Nc3 Bb6 50. Ne2 Ke4 51. Ke1 f3 52. Nc1 Kd4 53. Kd1 Kc4 54. Ke1 Kb5 55. Nd3 Kxa6 {Accuracy: White = 40%, Black = 59%.} 0-1

[Event "Saint Louis Invitational-B 2019"]
[Site "Saint Louis"]
[Date "2019.11.22"]
[Round "3.3"]
[White "Polgar-Shutzman, Tom"]
[Black "Krykun, Yuriy"]
[Result "1/2-1/2"]
[WhiteElo "2234"]
[BlackElo "2382"]
[Annotator "TA"]
[PlyCount "143"]
[EventDate "2019.11.21"]
[EventType "tourn"]
[EventCountry "USA"]
[SourceTitle "playchess.com"]
[Source "ChessBase"]
[SourceQuality "1"]

{[%evp 15,143,36,49,-19,-14,-12,0,-18,0,-20,0,0,0,0,2,8,33,8,8,7,14,0,0,0,0,-6,-6,-22,0,0,0,0,0,0,0,-15,-8,-2,0,0,0,0,13,-23,-15,-29,0,-25,-25,-34,-1,-25,0,0,0,0,0,-22,0,-22,-14,-14,-14,-20,0,-16,25,-6,0,0,0,0,0,0,53,0,0,0,0,0,0,0,0,0,0,0,0,0,0,0,0,0,0,0,0,0,0,0,0,0,0,0,0,0,0,0,0,0,0,0,0,0,0,0,0,0,0,0,0,0,0,0,0,0,0,0,0,0,0,0]} 1. Nf3 c5 2. c4 g6 3. g3 Bg7 4. Bg2 Nc6 5. Nc3 Nf6 6. d4 cxd4 7. Nxd4 O-O 8. O-O Qa5 9. Nxc6 {A39: Symmetrical English vs ...g6: 4 Bg2 Bg7 5 Nf3 Nf6 6 0-0 0-0 7 d4} (9. e3 $14) (9. Nb3 Qh5 10. c5 d6 11. cxd6 Rd8 12. e4 Qxd1 13. Rxd1 Rxd6 14. Bf4 Rxd1+ 15. Rxd1 Ne8 16. Rd2 Bxc3 17. bxc3 e5 {½-½ (27) Almasi,Z (2687)-Gledura,B (2654) Ajka 2019}) 9... dxc6 $11 10. Bd2 Be6 11. b3 Qh5 12. Qc2 $146 ({Predecessor:} 12. Rc1 Bh3 13. e3 Ng4 14. f3 Ne5 15. Qe2 Rad8 16. Rcd1 Nd3 17. Ne4 {½-½ (41) Capella Gimenez,J-Quiles Agusti,J Aragon 1996}) 12... Rfd8 13. Rad1 Bh3 {Strongly threatening ...Ng4.} 14. f3 Qc5+ 15. Kh1 Bxg2+ 16. Kxg2 b5 17. Bc1 Kf8 18. Bb2 bxc4 19. Na4 Qb4 20. bxc4 Ne8 21. Bxg7+ Kxg7 (21... Nxg7 {is interesting.} 22. Rxd8+ Rxd8 23. Rb1 Qa5 24. Rb7 Nf5) 22. Qb2+ Qxb2 23. Nxb2 Nd6 24. c5 Rab8 25. Nd3 Nc4 {[#] Hoping for ...Ne3+.} 26. Kf2 Rd5 27. Rb1 Rbd8 28. Rb7 Ne5 29. Rxa7 Nxd3+ 30. exd3 {[%mdl 4096] Endgame KRR-KRR} e6 31. Rd1 Rxc5 32. Rd2 Rb8 33. a4 Rb1 34. Ra2 Rh1 35. Kg2 Rhc1 36. Rc7 R5c3 37. a5 R1c2+ 38. Rxc2 Rxc2+ {KR-KR} 39. Kh3 Rc3 40. d4 Rc4 41. g4 Rxd4 42. Rxc6 Rd5 43. Ra6 Rd3 44. Kg2 Ra3 (44... h6 $11) 45. Ra8 (45. g5 $14) 45... h6 {The position is equal.} 46. h4 g5 47. h5 Ra4 48. Kg3 Ra2 49. Ra7 Kf6 50. a6 e5 51. Ra8 Ra3 52. Kg2 e4 53. fxe4 Ke5 54. Ra7 f6 55. Re7+ Kf4 56. Re6 Ra2+ 57. Kh3 Ra3+ 58. Kg2 Kxg4 59. Rxf6 Ra2+ 60. Kf1 Kxh5 61. e5 g4 62. Rd6 {e6 is the strong threat.} Kg5 63. e6 {Intending e7 and mate.} Kf6 {[#]} 64. e7+ $1 {[%mdl 512]} Kxe7 65. Rxh6 {Black must now prevent a7!} Kd7 66. a7 {And now Rh8 would win.} Kc7 67. Rh8 (67. a8=Q {keeps more tension.} Rxa8 68. Kg2 Ra3 69. Rg6 Ra2+ 70. Kg3) 67... Rxa7 68. Rh7+ Kb6 69. Rxa7 Kxa7 70. Kg2 Kb6 71. Kg3 Kc5 72. Kxg4 {Accuracy: White = 57%, Black = 73%.} 1/2-1/2

[Event "Saint Louis Invitational-B 2019"]
[Site "Saint Louis"]
[Date "2019.11.22"]
[Round "3.4"]
[White "Gauri, Shankar"]
[Black "Cervantes Landeiro, Thalia"]
[Result "0-1"]
[WhiteElo "2340"]
[BlackElo "2227"]
[Annotator "TA"]
[PlyCount "70"]
[EventDate "2019.11.21"]
[EventType "tourn"]
[EventCountry "USA"]
[SourceTitle "playchess.com"]
[Source "ChessBase"]
[SourceQuality "1"]

{[%evp 19,72,-6,0,-7,-9,-6,-11,-33,-2,-24,0,-91,-95,-101,-43,-102,-22,-53,-22,-33,-37,-101,-95,-150,-87,-241,-221,-345,-333,-289,-290,-337,-340,-322,-345,-350,-325,-452,-452,-457,-454,-409,-215,-1318,-1260,-1589,-2272,-2068,-2028,-1949,-1928,-1669,-1725,-1429,-1349]} 1. Nf3 d5 2. c4 dxc4 3. e3 Nf6 4. Bxc4 e6 5. O-O c5 6. Nc3 a6 7. d4 b5 8. Bd3 Bb7 9. Qe2 Nbd7 10. Rd1 Qb8 11. h3 {D48: Semi-Slav: Meran System: 7...b5 8 Bd3 a6} Be7 12. Bd2 O-O 13. Rac1 {The position is equal.} Rd8 14. Bb1 {[#]} e5 $146 ({Predecessor:} 14... Qa7 15. Be1 Rac8 16. a3 cxd4 17. Nxd4 Ne5 18. a4 b4 {½-½ (62) Pogorelov,R (2486)-San Segundo Carrillo,P (2534) San Sebastian 2010}) 15. Be1 (15. dxc5 $11 e4 16. Nxe4 Bxe4 17. Bxe4 Nxe4 18. Ba5 Ndxc5 19. Bxd8 Bxd8 20. Qc2) 15... exd4 $1 $17 16. exd4 Re8 (16... Bd6 $17 17. Bd2 Re8) 17. Bd2 (17. Ne5 $1 $15) 17... cxd4 (17... Bd6 $17 18. Be3 c4) 18. Nxd4 $11 Bc5 (18... Bf8 $5 {[%cal Re8e2]} 19. Qd3 g6 $11) 19. Be3 g6 20. Qd2 (20. Nc2 $15) 20... Ne5 $1 $36 {[%mdl 2048] Black is on the roll.} 21. Bf4 {[#]} (21. Bh6 $142) 21... Nh5 (21... Qa7 $142 $1 {White must now prevent ...Nc4.} 22. Bxe5 Rxe5) 22. Bh2 $2 {[#]} (22. Be4 $17) 22... Qa7 $1 $19 {...Nc4 is the strong threat.} 23. Nb3 (23. Nf5 $142 gxf5 24. Qc2) 23... Nc4 24. Qc2 Bb6 25. Nd5 Bxd5 26. Rxd5 Nf6 27. Rd3 Ne4 {[%cal Re4f2]} 28. Bg3 Rac8 29. Rf3 Nxg3 30. Rxg3 Nd6 (30... a5 $142 31. Rf1 a4) 31. Qd2 $2 (31. Rc3) 31... Rxc1+ {Black is clearly winning.} 32. Nxc1 {[#]} Bxf2+ $1 {[%mdl 576] Double Attack} 33. Kh2 (33. Qxf2 Re1+) 33... Bxg3+ 34. Kxg3 Nc4 35. Qf4 Re3+ {Played: Qa7-g1} 0-1

[Event "Saint Louis Invitational-B 2019"]
[Site "Saint Louis"]
[Date "2019.11.22"]
[Round "3.5"]
[White "Arias Santana, Mauricio"]
[Black "Grabinsky, Aaron"]
[Result "1/2-1/2"]
[WhiteElo "2292"]
[BlackElo "2338"]
[Annotator "TA"]
[PlyCount "173"]
[EventDate "2019.11.21"]
[EventType "tourn"]
[EventCountry "USA"]
[SourceTitle "playchess.com"]
[Source "ChessBase"]
[SourceQuality "1"]

{[%evp 9,173,-15,0,0,3,0,0,0,6,-2,-5,-1,0,-10,4,0,0,-14,0,-14,5,-2,18,-21,-15,-65,-58,-70,-69,-115,-62,-73,-72,-116,-104,-125,-107,-125,-104,-129,-130,-132,-128,-128,-125,-128,-125,-139,-139,-139,-139,-135,-121,-125,-128,-128,-121,-121,-121,-121,-121,-121,-118,-118,-118,-139,-141,-151,-147,-192,-159,-185,-159,-145,-118,-118,-118,-118,-118,-118,-118,-118,-118,-118,-103,-103,-103,-103,-80,-80,-80,-80,-80,-80,0,0,0,0,0,0,0,0,0,0,0,0,0,0,0,0,0,0,0,0,0,0,0,0,0,0,0,0,0,0,0,0,0,0,0,0,0,0,0,0,0,0,0,0,0,0,0,0,0,0,0,0,0,0,0,0,0,0,0,0,0,0,0,0,0,0,0,0,0,0,0,0]} 1. d4 Nf6 2. Nc3 d5 3. Bf4 g6 (3... c6 4. e3 Nbd7 5. Bd3 g6 6. h3 Bg7 7. Nf3 O-O 8. O-O b6 9. e4 dxe4 10. Nxe4 Bb7 11. Re1 Nxe4 12. Bxe4 Nf6 13. Bd3 c5 14. dxc5 bxc5 15. Ne5 Qb6 {1-0 (48) Firouzja,A (2682)-Vidit,S (2707) Xingtai 2019}) 4. Nb5 Na6 5. e3 c6 6. Nc3 {D00: 1 d4 d5: Unusual lines} Nc7 7. h3 Bg7 8. Nf3 O-O 9. Be2 Nce8 10. O-O Nd6 11. Re1 Re8 $146 ({Predecessor:} 11... a5 12. Ne5 Nd7 13. Bf1 {1-0 (35) Gareyev,T (2584)-Romanishin,O (2474) Figueira da Foz 2015}) 12. Bf1 Bf5 13. Ne5 Nd7 14. Bd3 Bxd3 15. cxd3 Nf8 16. b4 a5 {White should prevent ...f6.} 17. b5 Nxb5 18. Nxb5 cxb5 19. Qb3 f6 (19... Bxe5 $17 20. Bxe5 Qd7) 20. Nf3 $15 Qd7 $36 {[%mdl 2048] Keeping White busy.} 21. Reb1 b4 22. a3 Rec8 23. axb4 a4 24. Qd1 b5 25. Rc1 Ne6 26. Bg3 Rxc1 27. Rxc1 Rc8 28. Nd2 Nd8 29. Nb1 Rxc1 30. Qxc1 Qc6 31. Qb2 Bf8 32. Kf1 e6 33. Na3 Qb7 34. f4 Nc6 35. Be1 Bd6 36. Bc3 Kf7 37. Kf2 Ke8 38. g4 Kd8 39. h4 Kc7 40. g5 Kb6 41. Ke2 fxg5 42. hxg5 h5 43. gxh6 Qh7 44. Qd2 Qxh6 45. Kd1 Ka6 46. Kc1 {[#]} Na5 $1 {[%mdl 512]} 47. Kb2 (47. bxa5 Bxa3+) 47... Nb3 48. Qc2 {Hoping for Be1.} Qf8 49. Be1 Kb6 50. Qc3 Qh8 51. Nc2 Qh5 ({Black should try} 51... Qd8 $17) 52. Qc8 $1 $11 {[%cal Rc8d7] Black must now prevent Qd7.The position is equal.} Qd1 53. Bh4 {White wants to mate with Bd8+.} Qc1+ 54. Ka2 {Threatening mate with Bd8+.} Bc7 55. Qxe6+ {[%mdl 64] Double Attack} Ka7 {[#]} 56. Qc6 $1 {[%mdl 64] Double Attack} Bb6 57. Be7 {aiming for Qd7+.} Nc5 {[%mdl 64] Decoy} 58. Bxc5 Qxc2+ {[%mdl 64] Double Attack} 59. Ka1 Qc3+ 60. Ka2 Qb3+ 61. Ka1 Qa3+ 62. Kb1 Qxd3+ 63. Ka2 Qc4+ 64. Ka1 Bxc5 65. Qxc5+ {[%mdl 4096] Endgame KQ-KQ} Kb7 66. Qe7+ Qc7 67. Qc5 Qd7 68. Kb2 Qc6 69. Qe7+ Kc8 70. Qc5 Kd7 71. Ka3 Qb7 72. Qc2 Qa6 (72... Qc6 $5 73. Qc5 $8 Kc7 $11) 73. f5 gxf5 74. Qxf5+ {[%mdl 64] Double Attack} Qe6 75. Qd3 Kc6 76. Kb2 Kb6 77. Qc3 Qc6 {Threatens to win with ...Qxc3+.} 78. Qc5+ Kb7 79. Qe7+ Ka6 80. Qc5 Qe6 81. Ka2 Qd7 82. Kb2 Kb7 83. Ka2 Qc6 84. Kb2 Kc7 85. Qe7+ Kc8 86. Qf8+ Kd7 87. Qf7+ {Accuracy: White = 66%, Black = 67%.} 1/2-1/2

[Event "Saint Louis Invitational-B 2019"]
[Site "Saint Louis"]
[Date "2019.11.23"]
[Round "4.1"]
[White "Proleiko, Julian"]
[Black "Grabinsky, Aaron"]
[Result "0-1"]
[WhiteElo "2170"]
[BlackElo "2338"]
[Annotator "ChessBase"]
[PlyCount "87"]
[EventDate "2019.11.21"]
[EventType "tourn"]
[EventCountry "USA"]
[SourceTitle "playchess.com"]
[Source "ChessBase"]
[SourceQuality "1"]
[TimeControl "5400+30"]

1. d4 {[%emt 0:00:05]} Nf6 {[%emt 0:00:00]} 2. c4 {[%emt 0:00:24]} e6 {[%emt 0:00:00]} 3. Nf3 {[%emt 0:00:21]} b6 {[%emt 0:00:00]} 4. g3 {[%emt 0:00:07]} Ba6 {[%emt 0:00:00]} 5. Qc2 {[%emt 0:00:07]} Bb7 {[%emt 0:00:05]} 6. Bg2 {[%emt 0:00:19]} c5 {[%emt 0:00:06]} 7. d5 {[%emt 0:00:05]} exd5 {[%emt 0:00:06]} 8. cxd5 {[%emt 0:00:05]} Nxd5 {[%emt 0:00:19]} 9. O-O {[%emt 0:00:05]} Be7 {[%emt 0:00:18]} 10. Rd1 {[%emt 0:00:06]} Nc6 {[%emt 0:00:33]} 11. Qa4 {[%emt 0:00:06]} Nf6 {[%emt 0:00:28]} 12. Nh4 {[%emt 0:00:06]} O-O {[%emt 0:07:09]} 13. Nf5 {[%emt 0:00:52]} a6 {[%emt 0:05:04]} 14. Bg5 {[%emt 0:10:53]} h6 {[%emt 0:09:18]} 15. Bh4 {[%emt 0:00:27]} Kh7 {[%emt 0:04:58]} 16. Nc3 {[%emt 0:26:17]} g5 {[%emt 0:08:43]} 17. Nd5 {[%emt 0:01:09]} Nxd5 {[%emt 0:04:28]} 18. Bxd5 {[%emt 0:00:14]} Bf6 {[%emt 0:05:40]} 19. Qe4 {[%emt 0:05:56]} Qe8 {[%emt 0:04:03]} 20. Qg4 {[%emt 0:04:07]} gxh4 {[%emt 0:07:52]} 21. Nd6 {[%emt 0:04:19]} Qe5 {[%emt 0:02:49]} 22. f4 {[%emt 0:03:47]} Qe3+ {[%emt 0:03:02]} 23. Kh1 {[%emt 0:00:05]} Rae8 {[%emt 0:06:22]} 24. Qf5+ {[%emt 0:04:30]} Kg7 {[%emt 0:00:06]} 25. Qxd7 {[%emt 0:00:17]} Nd4 {[%emt 0:04:10]} 26. Rxd4 {[%emt 0:00:37]} Bxd5+ {[%emt 0:00:13]} 27. Rxd5 {[%emt 0:00:08]} Qxe2 {[%emt 0:00:20]} 28. Nxe8+ {[%emt 0:02:01]} Rxe8 {[%emt 0:00:02]} 29. Qh3 {[%emt 0:08:09]} Bxb2 {[%emt 0:00:07]} 30. Rad1 {[%emt 0:00:52]} Bd4 {[%emt 0:02:11]} 31. Qf1 {[%emt 0:01:17]} Qxa2 {[%emt 0:01:01]} 32. Qf3 {[%emt 0:01:04]} Qe2 {[%emt 0:01:45]} 33. Qxe2 {[%emt 0:02:34]} Rxe2 {[%emt 0:00:05]} 34. Rd6 {[%emt 0:00:18]} Re6 {[%emt 0:00:23]} 35. Rd7 {[%emt 0:00:03]} h3 {[%emt 0:01:02]} 36. f5 {[%emt 0:00:33]} Re2 {[%emt 0:00:38]} 37. Rf1 {[%emt 0:00:35]} a5 {[%emt 0:02:04]} 38. f6+ {[%emt 0:02:11]} Bxf6 {[%emt 0:00:38]} 39. Rd6 {[%emt 0:00:03]} Re6 {[%emt 0:00:07]} 40. Rxe6 {[%emt 0:00:02]} fxe6 {[%emt 0:00:14]} 41. Rb1 {[%emt 0:00:01]} a4 {[%emt 0:00:26]} 42. Rxb6 {[%emt 0:00:02]} a3 {[%emt 0:00:18]} 43. Ra6 {[%emt 0:00:02]} Bb2 {[%emt 0:00:08]} 44. Kg1 {[%emt 0:00:01]} 0-1